000 00638cam a22002053a 4500
001 39586
003 PGUSA
005 20140828083859.0
008 120430s2012||||xxu|||||s|||||000 | eng d
040 _aPGUSA
_beng
042 _adc
100 1 _aHaffner-Ginger, Bertha,
_d1868-
245 1 0 _aCalifornia Mexican-Spanish Cook Book :
_bSelected Mexican and Spanish Recipes
_h[electronic resource] /
_cBertha Haffner-Ginger
260 _bProject Gutenberg,
_c2012
506 _aPublic domain in the USA.
516 _aElectronic text
830 0 _aProject Gutenberg
_v39586
856 4 0 _uhttp://www.gutenberg.org/ebooks/39586
942 _cEB
999 _c268839
_d268839